Trnavské literárne listy ...

Bibliographic Details
Other Authors: Drobná, Eva (Compiler)
Format: Serial
Language:Slovak
PhysicalDescription:11 zv. obr. 21 cm
Published: Trnava HKPS 2007-2010
ISBN:9788089214334 (brož. : I/2007)
9788089214341 (brož. : II/2007)
9788089214365 (brož. : III/2008)
9788089214372 (brož. : IV/2008)
9788089214402 (brož. : V/2008)
9788089214419 (brož. : VI/2008)
9788089214433 (brož. : VII/2009)
9788089214440 (brož. : VIII/2009)
9788089214484 (brož. : IX/2009)
9788089214495 (brož. : X/2009)
9788089214532 (brož. : 2010)
Subjects:

MARC

LEADER 00000cas a2200000 a 4500
001 vtls009618556
005 20260311134254.0
008 160628d20072010xo x| 0 b0slo
015 |a SNBA2013-(r. 2010)  |a ‬SNBB2015-(I/2007, II/2007, III/2008, IV/2008, V/2008, VI/2008, VII/2009, VIII/2009, IX/2009, X/2009) 
020 |a 9788089214334 (brož. : I/2007) 
020 |a 9788089214341 (brož. : II/2007) 
020 |a 9788089214365 (brož. : III/2008) 
020 |a 9788089214372 (brož. : IV/2008) 
020 |a 9788089214402 (brož. : V/2008) 
020 |a 9788089214419 (brož. : VI/2008) 
020 |a 9788089214433 (brož. : VII/2009) 
020 |a 9788089214440 (brož. : VIII/2009) 
020 |a 9788089214484 (brož. : IX/2009) 
020 |a 9788089214495 (brož. : X/2009) 
020 |a 9788089214532 (brož. : 2010) 
040 |a TTKJF  |b slo  |c TTKJF  |d SNK  |e AACR2 
041 0 |a slo 
043 |a e-xo--- 
044 |a xo  |c SK 
072 7 |a 394  |x Verejný a spoločenský život. Každodenný život  |2 konspekt 
072 7 |a 821.162.4  |x Slovenská literatúra  |2 konspekt 
080 |a 050  |2 2001 
080 |a 929-058.1  |2 2001 
080 |a 394.1/.7  |2 2001 
080 |a 821.162.4  |2 2001 
080 |a (437.612)  |2 2011 
080 |a 808.1  |2 2001 
080 |a (082)  |2 2001 
245 0 0 |a Trnavské literárne listy ... 
260 |a Trnava  |b HKPS  |c 2007-2010 
300 |a 11 zv.  |b obr.  |c 21 cm 
310 |a 1x ročne  |b 2010 
321 |a Nepravidelne  |b 2007 
321 |a 4x ročne  |b 2008-2009 
362 0 |a I (2007)-2010 
500 |a Názov z obalu 
500 |a Zostavila: 2007-2010, Eva Drobná 
500 |a Súčasťou názvu je označenie poradového čísla 
500 |a Vydáva Hnutie kresťanských pedagógov Slovenska v Trnave 
610 1 7 |a Trnavský samosprávny kraj (Slovensko).  |b Úrad  |2 SNKKA  |9 139372 
650 0 7 |a osobnosti  |2 SNKPH  |9 29820 
650 0 7 |a slovenská literatúra  |2 SNKPH  |9 1115 
650 0 7 |a kultúrne podujatia  |2 SNKPH  |9 71676 
650 0 7 |a literárna tvorba  |2 SNKPH  |9 4226 
650 0 7 |a Slovak literature  |2 SNKPHeng  |9 265073 
650 0 7 |a Celebrities  |2 SNKPHeng  |9 265203 
650 0 7 |a Cultural activities  |2 SNKPHeng  |9 265353 
650 0 7 |a Literary creation  |2 SNKPHeng  |9 265428 
651 7 |a Trnavský samosprávny kraj (Slovensko)  |2 SNKPH  |9 146023 
655 7 |a zborníky  |2 SNKPH  |9 70165 
655 7 |a Miscellanea  |2 SNKPHeng  |9 265155 
700 1 |a Drobná, Eva  |4 com  |9 5054 
916 |a 2007-2010 
919 |a 978-80-89214-33-4 
919 |a 978-80-89214-34-1 
919 |a 978-80-89214-36-5 
919 |a 978-80-89214-37-2 
919 |a 978-80-89214-40-2 
919 |a 978-80-89214-41-9 
919 |a 978-80-89214-43-3 
919 |a 978-80-89214-44-0 
919 |a 978-80-89214-48-4 
919 |a 978-80-89214-49-5 
919 |a 978-80-89214-53-2 
999 |c 4502  |d 6432 
952 |a SNK  |b SNK  |y PREZ  |7 0  |p 17A0689545  |o snkČSD 2468/2010  |i snk2011/4462  |8 0  |f 1  |0 0  |1 0  |4 0  |d 2011-02-28  |l 0  |r 2026-02-21 20:05:33  |w 2026-02-21 
952 |a SNK  |b SNK  |y PREZ  |7 0  |p 17A0689546  |o snkČSD 2468/2010 D1  |i snk2011/4464  |8 0  |0 0  |1 0  |4 0  |d 2011-02-28  |l 0  |r 2026-02-21 20:05:33  |w 2026-02-21 
952 |a SNK  |b SNK  |y PREZ  |7 0  |p 17A0635099  |o snkČSD 2468/9/2009  |i snk2015/33748  |8 0  |f 1  |0 0  |1 0  |4 0  |d 2015-12-16  |l 0  |r 2026-02-21 21:46:53  |w 2026-02-21 
952 |a SNK  |b SNK  |y PREZ  |7 0  |p 17A0635100  |o snkČSD 2468/9/2009 D1  |i snk2015/33749  |8 0  |0 0  |1 0  |4 0  |d 2015-12-16  |l 0  |r 2026-02-21 21:46:53  |w 2026-02-21 
952 |a SNK  |b SNK  |y PREZ  |7 0  |p 17A0672832  |o snkČSD 2468/10/2009  |i snk2015/33751  |8 0  |f 1  |0 0  |1 0  |4 0  |d 2015-12-16  |l 0  |r 2026-02-21 21:46:53  |w 2026-02-21 
952 |a SNK  |b SNK  |y PREZ  |7 0  |p 17A0672833  |o snkČSD 2468/10/2009 D1  |i snk2015/33752  |8 0  |0 0  |1 0  |4 0  |d 2015-12-16  |l 0  |r 2026-02-21 21:46:53  |w 2026-02-21 
952 |a SNK  |b SNK  |y PREZ  |7 0  |p 17A0635083  |o snkČSD 2468/1/2007  |i snk2015/33711  |8 0  |f 1  |0 0  |1 0  |4 0  |d 2015-12-16  |l 0  |r 2026-02-21 21:46:58  |w 2026-02-21 
952 |a SNK  |b SNK  |y PREZ  |7 0  |p 17A0635084  |o snkČSD 2468/1/2007 D1  |i snk2015/33712  |8 0  |0 0  |1 0  |4 0  |d 2015-12-16  |l 0  |r 2026-02-21 21:46:58  |w 2026-02-21 
952 |a SNK  |b SNK  |y PREZ  |7 0  |p 17A0635085  |o snkČSD 2468/2/2007  |i snk2015/33716  |8 0  |f 1  |0 0  |1 0  |4 0  |d 2015-12-16  |l 0  |r 2026-02-21 21:47:00  |w 2026-02-21 
952 |a SNK  |b SNK  |y PREZ  |7 0  |p 17A0635086  |o snkČSD 2468/2/2007 D1  |i snk2015/33717  |8 0  |0 0  |1 0  |4 0  |d 2015-12-16  |l 0  |r 2026-02-21 21:47:00  |w 2026-02-21 
952 |a SNK  |b SNK  |y PREZ  |7 0  |p 17A0635087  |o snkČSD 2468/3/2008  |i snk2015/33718  |8 0  |f 1  |0 0  |1 0  |4 0  |d 2015-12-16  |l 0  |r 2026-02-21 21:47:00  |w 2026-02-21 
952 |a SNK  |b SNK  |y PREZ  |7 0  |p 17A0635088  |o snkČSD 2468/3/2008 D1  |i snk2015/33720  |8 0  |0 0  |1 0  |4 0  |d 2015-12-16  |l 0  |r 2026-02-21 21:47:00  |w 2026-02-21 
952 |a SNK  |b SNK  |y PREZ  |7 0  |p 17A0635089  |o snkČSD 2468/4/2008  |i snk2015/33728  |8 0  |f 1  |0 0  |1 0  |4 0  |d 2015-12-16  |l 0  |r 2026-02-21 21:47:00  |w 2026-02-21 
952 |a SNK  |b SNK  |y PREZ  |7 0  |p 17A0635090  |o snkČSD 2468/4/2008 D1  |i snk2015/33729  |8 0  |0 0  |1 0  |4 0  |d 2015-12-16  |l 0  |r 2026-02-21 21:47:00  |w 2026-02-21 
952 |a SNK  |b SNK  |y PREZ  |7 0  |p 17A0635091  |o snkČSD 2468/5/2008  |i snk2015/33731  |8 0  |f 1  |0 0  |1 0  |4 0  |d 2015-12-16  |l 0  |r 2026-02-21 21:47:00  |w 2026-02-21 
952 |a SNK  |b SNK  |y PREZ  |7 0  |p 17A0635092  |o snkČSD 2468/5/2008 D1  |i snk2015/33732  |8 0  |0 0  |1 0  |4 0  |d 2015-12-16  |l 0  |r 2026-02-21 21:47:00  |w 2026-02-21 
952 |a SNK  |b SNK  |y PREZ  |7 0  |p 17A0635093  |o snkČSD 2468/6/2008  |i snk2015/33733  |8 0  |f 1  |0 0  |1 0  |4 0  |d 2015-12-16  |l 0  |r 2026-02-21 21:47:00  |w 2026-02-21 
952 |a SNK  |b SNK  |y PREZ  |7 0  |p 17A0635094  |o snkČSD 2468/6/2008 D1  |i snk2015/33735  |8 0  |0 0  |1 0  |4 0  |d 2015-12-16  |l 0  |r 2026-02-21 21:47:00  |w 2026-02-21 
952 |a SNK  |b SNK  |y PREZ  |7 0  |p 17A0635095  |o snkČSD 2468/7/2009  |i snk2015/33737  |8 0  |f 1  |0 0  |1 0  |4 0  |d 2015-12-16  |l 0  |r 2026-02-21 21:47:00  |w 2026-02-21 
952 |a SNK  |b SNK  |y PREZ  |7 0  |p 17A0635096  |o snkČSD 2468/7/2009 D1  |i snk2015/33738  |8 0  |0 0  |1 0  |4 0  |d 2015-12-16  |l 0  |r 2026-02-21 21:47:00  |w 2026-02-21 
952 |a SNK  |b SNK  |y PREZ  |7 0  |p 17A0635097  |o snkČSD 2468/8/2009  |i snk2015/33740  |8 0  |f 1  |0 0  |1 0  |4 0  |d 2015-12-16  |l 0  |r 2026-02-21 21:47:00  |w 2026-02-21 
952 |a SNK  |b SNK  |y PREZ  |7 0  |p 17A0635098  |o snkČSD 2468/8/2009 D1  |i snk2015/33741  |8 0  |0 0  |1 0  |4 0  |d 2015-12-16  |l 0  |r 2026-02-21 21:47:00  |w 2026-02-21